Responsabilidad del Estado, falta de servicio y responsabilidad objetiva en su actividad administrativa

Bewaard in:
Bibliografische gegevens
Hoofdauteur: Huepe Artigas, Fabián Andrés (Auteur)
Formaat: Boek
Taal:Spaans
Gepubliceerd in: Santiago Instituto Chileno de Derecho Administrativo 2004
Editie:1a. ed
Onderwerpen:
Tags: Voeg label toe
Geen labels, Wees de eerste die dit record labelt!

MARC

LEADER 00000cam a2200000 a 4500
001 UCC9897
003 CL-VaPUC
005 20230731102522.0
008 191122e20040000cl spa d
082 0 4 |a 342.088  |b HUE  |2 21 
100 |a Huepe Artigas, Fabián Andrés  |e author  |9 792198 
245 1 0 |a Responsabilidad del Estado, falta de servicio y responsabilidad objetiva en su actividad administrativa 
250 |a 1a. ed 
260 |a Santiago  |b Instituto Chileno de Derecho Administrativo  |c 2004 
300 |a 184 p 
583 |a last modification  |c 20191122 12:01:00  |k Rodrigo Vera 
650 0 0 |a Derecho administrativo  |9 254851 
650 0 0 |a Responsabilidad administrativa  |9 256129 
650 0 0 |a Responsabilidad del estado  |9 258115 
942 |c BK 
945 |a dcastane  |d 20191122 12:01:00 
999 |c 376206  |d 376204 
952 |0 0  |1 0  |3 erb  |4 0  |6 342_088000000000000_HUE_2004  |7 0  |8 A  |9 495511  |a BIBDER  |b BIBDER  |e Mateluna Arestizabal, Alfredo Sergio  |i 5610311  |o 342.088 HUE 2004  |p 5610311  |r 2023-01-25  |w 2020-01-06  |y BK  |z Catalogado en:20191122  |k DER